000 00291 a2200145 4500
001 172583
020 _a
040 _cMagnum
100 _aGóes, Lúcia Pimentel
240 1 0 _aDe ponta cabeca
_lpor
245 1 0 _aDe ponta cabeca
362 0 _a1899
697 _aI/ANIMAIS
942 _cBK
999 _c172583
_d172583